000 00622nam a22001937a 4500
999 _c11674
_d11674
003 AR-CdUCM
008 190404b ||||| |||| 00| 0 spa d
040 _aMUNICIPALIDAD PROVINCIAL DEL CUSCO
_cBIBLIOTECA MUNICIPAL DEL CUSCO
082 _23ed.
_a868.6
_bM65 / 1946
100 _aMistral, Gabriela
_913947
245 _aTernura /
260 _aBuenos Aires :
_bEspasa,
_c1946.
300 _a191 páginas ;
_c18 cm.
505 _aCanciones de cuna -- Rondas -- La desvariadora -- Jugarretas -- Casi escolares...
650 _aPoesía.
_9139
650 _aPoesía Argentina.
_91657
942 _2ddc
_cLIBROS
945 _awfj